Value of failure : the spectrum of challenges for the economy /

Bibliographic Details
Corporate Author: JSTOR (Organization)
Other Authors: Markiewicz, Joanna, Gracz, Leszek
Format: eBook
Language:English
Published: London : Union Bridge Books, 2017.
Subjects:
Online Access:Connect to the full text of this electronic book

MARC

Tag First Indicator Second Indicator Subfields
LEADER 00000cam a22000001i 4500
001 in00003965562
006 m |o d |
007 cr |n|||||||||
008 180109t20172017enka ob 000 0 eng d
005 20250816191335.1
020 |a 9781783087358 (electronic bk.) 
020 |a 1783087358 (electronic bk.) 
020 |z 178308734X 
020 |z 9781783087341 
020 |z 1783087331 
020 |z 9781783087334 
024 8 |a 99974839954 
035 |a (NhCcYBP)ybp15026237 
040 |a NhCcYBP  |c NhCcYBP  |d UtOrBLW 
050 4 |a HG3761  |b .V35 2017 
082 0 4 |a 658.1/6  |2 23 
245 0 0 |a Value of failure :  |b the spectrum of challenges for the economy /  |c edited by Joanna Markiewicz and Leszek Gracz. 
264 1 |a London :  |b Union Bridge Books,  |c 2017. 
264 4 |c ©2017 
300 |a 1 online resource. 
336 |a text  |b txt  |2 rdacontent 
337 |a computer  |b c  |2 rdamedia 
338 |a online resource  |b cr  |2 rdacarrier 
504 |a Includes bibliographical references. 
588 |a Description based on print version record. 
500 |a Electronic resource. 
650 0 |a Business failures.  |0 http://id.loc.gov/authorities/subjects/sh85018314 
655 7 |a Electronic books.  |2 local 
700 1 |a Markiewicz, Joanna.  |0 http://id.loc.gov/authorities/names/n97092564 
700 1 |a Gracz, Leszek. 
710 2 |a JSTOR (Organization)  |0 http://id.loc.gov/authorities/names/no97001983 
776 1 8 |c Original  |z 178308734X  |z 9781783087341  |z 1783087331  |z 9781783087334 
856 4 0 |u http://proxy.library.tamu.edu/login?url=http://www.jstor.org/stable/j.ctt1x76g2w  |z Connect to the full text of this electronic book  |t 0 
955 |a YBP purchased firm e-records 
980 |b 108.75  |g 1 
999 f f |s 93286364-59db-3f28-a20e-b44d7776468c  |i a75d437d-ab59-3c3d-b3aa-7c21dfd346f8  |t 0 
952 f f |a Texas A&M University  |b College Station  |c Electronic Resources  |d Available Online  |t 0  |e HG3761 .V35 2017  |h Library of Congress classification 
998 f f |a HG3761 .V35 2017  |t 0  |l Available Online